00498cam a2200169ua 45000010005000000080039000050200018000440400009000620410008000710820008000791000034000872450099001212500013002202600048002333000009002816530038002909905161007n ii |||gr||||Z||||||eng a9780199460724 cMAIN aeng a820 aSarma, Gautam Kumar,eEditor. aVibgyor : ban anthology of English prose and poetry / cEd. by Gautam Kumar Sarma & others .  a2nd imp. aNew Delhi:bOxford university press,c2015. a68p. aEnglish.& Old English literatures